00585nam a2200157Ia 4500003000900000008004100009040001600050080001500066110006700081245013300148260006800281300001000349650004100359650001900400650000800419IN-BaIIA211028s9999 xx 000 0 eng d cIIA Library a523.7bCEC aSwitzerland. Centre European De Calcul Atomique Et Moleculaire 0aReport of workshop on plasma physics applied to active phenomena on the suncCentre European De Calcul Atomique Et Moleculaire  aFrancebCentre European De Calcul Atomique Et Moleculairec1976 a222p. aAstronomy and astrophysics thesaurus aPlasma physics aSun